000
00339nam a2200157Ia 4500
008
210210b xxu||||| |||| 00| 0 eng d
041
_a
eng
082
_a
549/82
100
_a
MOOR (C G)
245
_a
Recognition of minerals
260
_a
London
_b
-
_c
300
_a
246
650
_a
Recognition
650
_a
minerals
906
_a
010014
999
_c
128154
_d
128154